000 01015nam a2200277Ia 4500
003 OSt
005 20221005104249.0
006 a|||||r|||| 00| 0
007 ta
008 221004b |||||||| |||| 00| 0 hin d
020 _a9788123016870 (pbk)
_cINR 85.00
024 _a42943
037 _b322, 11/03/2019, Eastern Book Linkers
_cTextual
040 _aCRL
_cCRL
_bhin
041 _2hin
_ahin
082 _a4,45, 152Q1
100 _aशुक्ल, राम सागर, ले.
245 0 _aरेडियो समाचार
246 _aReḍiyo samāchāra
260 _aदिल्ली
_bप्रकाशन विभाग सूचना और प्रसारण मंत्रालय भारत
_c2011
300 _a108पृ0
_ccm.
650 _a समाचार
650 _aरेडियो
942 _h4,45, 152Q1
_cTEXL
_2cc
999 _c1012190
_d1012190